Francúzsko-slovenský a slovensko-francúzsky ekonomický slovník

Guardado en:
Detalles Bibliográficos
Autor principal: Halenár, Vladimír
Formato: Libro
Lenguaje:francés
eslovaco
Publicado: Bratislava Ekonóm 1999
Materias:
Etiquetas: Agregar Etiqueta
Sin Etiquetas, Sea el primero en etiquetar este registro!

MARC

LEADER 00000nam a2200000 4500
001 c116896
005 20240104101359.1
020 |a 80-225-1225-7 
041 0 |a fre 
041 0 |a slo 
044 |a SK 
245 1 0 |a Francúzsko-slovenský a slovensko-francúzsky ekonomický slovník  |c Vladimír Halenár 
264 1 |a Bratislava  |b Ekonóm  |c 1999 
300 |a 288 s. 
610 2 0 |a terminológia 
610 2 0 |a jazykoveda 
610 2 0 |a ekonómia 
100 1 |a Halenár, Vladimír